Library Logo

Pioneer International University Library Catalogue

HOMELAND SECURITY VERSUS CONSTITUTIONAL RIGHTS/ (Record no. 9808)

MARC details
000 -LEADER
fixed length control field 00566nam a22001697a 4500
003 - CONTROL NUMBER IDENTIFIER
control field OSt
005 - DATE AND TIME OF LATEST TRANSACTION
control field 20251114085019.0
008 - FIXED-LENGTH DATA ELEMENTS--GENERAL INFORMATION
fixed length control field 251114b |||||||| |||| 00| 0 eng d
020 ## - INTERNATIONAL STANDARD BOOK NUMBER
International Standard Book Number 0761328629
040 ## - CATALOGING SOURCE
Transcribing agency TWENTY -FIRST CENTURY BOOKS
050 ## - LIBRARY OF CONGRESS CALL NUMBER
Classification number HV 6432 .G67 2003
Item number .G67 2003
245 ## - TITLE STATEMENT
Title HOMELAND SECURITY VERSUS CONSTITUTIONAL RIGHTS/
Statement of responsibility, etc. GOTTFRIED, TEDD
250 ## - EDITION STATEMENT
Edition statement 1ST EDITION
260 ## - PUBLICATION, DISTRIBUTION, ETC.
Place of publication, distribution, etc. BROOKFIELD :
Name of publisher, distributor, etc. TWENTY FIRST CENTURY BOOKS,
Date of publication, distribution, etc. 2003
300 ## - PHYSICAL DESCRIPTION
Extent 127p ,
Other physical details hardcover, ill.: som col, inclides bibliographic and references,
Dimensions 23.4 cm
942 ## - ADDED ENTRY ELEMENTS (KOHA)
Source of classification or shelving scheme Library of Congress Classification
Koha item type Books
Suppress in OPAC No
Holdings
Withdrawn status Lost status Source of classification or shelving scheme Damaged status Not for loan Home library Current library Date acquired Total checkouts Barcode Date last seen Price effective from Koha item type
    Library of Congress Classification     PIU Library PIU Library 11/14/2025   PIUDL758 11/14/2025 11/14/2025 Books